Bankové úvery pre živnostníkov, mikro a malé podniky
Na financovanie podnikania využívajú podnikatelia okrem vlastných zdrojov aj cudzie zdroje. Problematika externého zdroja financovania malých a stredných podnikov – bankový úver. Reálne možnosti a podmienky jeho získania pre segment živnostníkov, mikropodnikov a malých podnikov v komerčných bankách...
Saved in:
| Main Author: | |
|---|---|
| Format: | Book Chapter |
| Language: | Slovak |
| Subjects: | |
| Tags: |
No Tags, Be the first to tag this record!
|
MARC
| LEADER | 00000nla a2200000 4500 | ||
|---|---|---|---|
| 001 | 0199485 | ||
| 005 | 20240502073359.3 | ||
| 041 | 0 | |a slo | |
| 044 | |a SK | ||
| 245 | 1 | 0 | |a Bankové úvery pre živnostníkov, mikro a malé podniky |c Marta Markovičová |
| 520 | |a Na financovanie podnikania využívajú podnikatelia okrem vlastných zdrojov aj cudzie zdroje. Problematika externého zdroja financovania malých a stredných podnikov – bankový úver. Reálne možnosti a podmienky jeho získania pre segment živnostníkov, mikropodnikov a malých podnikov v komerčných bankách pôsobiacich v SR. | ||
| 610 | 2 | 0 | |a podnik malý |
| 610 | 2 | 0 | |a živnostníci |
| 610 | 2 | 0 | |a podnik stredný |
| 610 | 2 | 0 | |a úver bankový |
| 610 | 2 | 0 | |a financovanie podnikov |
| 610 | 2 | 0 | |a zdroje finančné cudzie |
| 100 | 1 | |a Markovičová, Marta, 1962- | |